00402nam a2200169Ia 4500008004100000020001800041050001600059100002200075245003000097245002500127260001000152260001500162260000900177300001600186300002000202300001000222170918s9999 xx 000 0 und d a9780684801223 bH488ol 1980 aHemingway, Ernest 4aThe old man and the sea / cby Ernest Hemingway. aUSA : bScribner : c1980 a127 pages : billustrations ; c17cm.